Catálogo
 En Linea

Documentos y estudios históricos / (Registro nro. 21808)

Detalles MARC
000 -CABECERA
campo de control de longitud fija 01304nam a2200241 a 4500
001 - NÚMERO DE CONTROL
campo de control 000022310
005 - FECHA Y HORA DE LA ÚLTIMA TRANSACCIÓN
campo de control 20200930011659.0
008 - DATOS DE LONGITUD FIJA--INFORMACIÓN GENERAL
campo de control de longitud fija 100927s1944 dr r 000 0 fre d
040 ## - FUENTE DE LA CATALOGACIÓN
Centro catalogador/agencia de origen DO-SdBNP
Lengua de catalogación spa
Centro/agencia transcriptor BNPHU
082 ## - NÚMERO DE LA CLASIFICACIÓN DECIMAL DEWEY
Número de clasificación 972.93
Número de documento/Ítem D637e
245 00 - MENCIÓN DE TÍTULO
Título Documentos y estudios históricos /
Mención de responsabilidad, etc. edición del gobierno dominicano.
260 ## - PUBLICACIÓN, DISTRIBUCIÓN, ETC.
Lugar de publicación, distribución, etc. Ciudad Trujillo, República Dominicana :
Nombre del editor, distribuidor, etc. La Nación,
Fecha de publicación, distribución, etc. 1944.
300 ## - DESCRIPCIÓN FÍSICA
Extensión 4 v. en 5 :
Otras características físicas il., maps. ;
Dimensiones 23 cm.
490 1# - MENCIÓN DE SERIE
Mención de serie Trujillo
Designación de volumen o secuencia 13-16
490 1# - MENCIÓN DE SERIE
Mención de serie Serie 3
Designación de volumen o secuencia 1-4
500 ## - NOTA GENERAL
Nota general La biblioteca posee v. 2
500 ## - NOTA GENERAL
Nota general Incluye referencias bibliográficas y notas al pie de las páginas
505 0# - NOTA DE CONTENIDO CON FORMATO
Información miscelánea v.1.
Título Recopilación diplomática relativa a las colonias española y francesa de la isla de Santo Domingo, 1640-1701--
Información miscelánea v.2.
Título Correspondencia de Levasseur y de otros agentes de Francia, relativa a la proclamación de la República Dominicana, 1843-1844.--
Información miscelánea v.3.
Título Reconstrucción financiera de la República Dominicana. t. 1. Antecedentes (1903-1930). t. 2. La solución (1930-1940) --
Información miscelánea v.4.
Título Historia de la división territorial, 1494-1943, por Vincente Tolentino Rojas.
590 ## - NOTA LOCAL (RLIN)
Nota local Inventariado, 2018/ YL
651 #4 - PUNTO DE ACCESO ADICIONAL DE MATERIA--NOMBRE GEOGRÁFICO
Nombre geográfico República Dominicana
Subdivisión general Historia
9 (RLIN) 170
830 #0 - PUNTO DE ACCESO ADICIONAL DE SERIE-TÍTULO UNIFORME
Título uniforme Trujillo
Designación de volumen o secuencia 13-16
Nombre de parte o sección de la obra Serie
Número de parte o sección de la obra 1-4
9 (RLIN) 46073
910 ## - DATOS DE OPCIÓN DEL USUARIO (OCLC)
Datos de opción del usuario Validado. Control de calidad MFF
Existencias
Estado de retiro Estado de pérdida Restricciones de uso No para préstamo Código de colección Localización permanente Ubicación/localización actual Ubicación en estantería Fecha de adquisición Número de inventario Total de préstamos Signatura topográfica completa Código de barras Fecha visto por última vez Precio válido a partir de Tipo de ítem Koha Nota pública
        Raros y valiosos General General Depósito 05.08.2015 LF1   v.2, e. 4 22310-50 25.06.2020 25.06.2020 Préstamo en sala  
      Excluido de préstamo Raros y valiosos Patrimonio Dominicano Patrimonio Dominicano Depósito 27.09.2010 LF1   972.93 D637e | v.2 22310-10 25.06.2020 25.06.2020 No se presta Perteneció a la biblioteca personal de Chiqui Vicioso / Fidelio Despradel.
      Excluido de préstamo Raros y valiosos Patrimonio Dominicano Patrimonio Dominicano Depósito 31.03.2011 LF1   972.93 D637e | v.2, e. 2 22310-30 25.06.2020 25.06.2020 No se presta  
        Raros y valiosos Patrimonio Dominicano Patrimonio Dominicano Depósito 14.09.2011 LF1   972.93 D637e | v.2, e. 3 22310-40 25.06.2020 25.06.2020 Préstamo en sala  

Con tecnología Koha